logo

Bir Sreshtho Munshi Abdur Rouf Library
Jhenaidah Cadet College

Government in modern society, (Record no. 9256)

MARC details
000 -LEADER
fixed length control field 00722nam a2200265 4500
001 - CONTROL NUMBER
JCCL Control Number 9256
003 - CONTROL NUMBER IDENTIFIER
JCCL marc code BD-JhCC
005 - DATE AND TIME OF LATEST TRANSACTION
control field 20180312121744.0
008 - FIXED-LENGTH DATA ELEMENTS--GENERAL INFORMATION
fixed length control field 700821s1963 maua b 001 0 eng
035 ## - SYSTEM CONTROL NUMBER
system control number (BD-JhCC)9256
040 ## - CATALOGING SOURCE
Original cataloging agency DLC
Transcribing agency DLC
Modifying agency DLC
-- BD-JhCC
041 ## - LANGUAGE CODE
Language code of Book eng
050 00 - LIBRARY OF CONGRESS CALL NUMBER
Classification number JC252
Item number .B66 1963
082 00 - DEWEY DECIMAL CLASSIFICATION NUMBER
Classification number 320.1
Author mark and Year BRE 1963
100 1# - MAIN ENTRY--PERSONAL NAME
Personal name Brewster, Robert Wallace,
Dates associated with a name 1905-
245 10 - TITLE STATEMENT
Title Government in modern society,
Remainder of title with emphasis on American institutions.
250 ## - EDITION STATEMENT
Edition statement 2d ed.
260 ## - PUBLICATION, DISTRIBUTION, ETC. (IMPRINT)
Place of publication, distribution, etc Boston,
Name of publisher, distributor, etc Houghton Mifflin
Date of publication, distribution, etc [1963]
300 ## - PHYSICAL DESCRIPTION
Pagination 619 p.
Other physical details illus.
Dimensions 25 cm.
504 ## - BIBLIOGRAPHY, ETC. NOTE
Bibliography, etc Includes bibliography.
650 #0 - SUBJECT ADDED ENTRY--TOPICAL TERM
Topical term or geographic name as entry element Political science.
650 #0 - SUBJECT ADDED ENTRY--TOPICAL TERM
Topical term or geographic name as entry element State, The.
942 ## - ADDED ENTRY ELEMENTS (KOHA)
Source of classification or shelving scheme Dewey Decimal Classification
Koha item type Books
Holdings
Source of classification or shelving scheme Damaged status Not for loan Home library Current library Shelving location Total Checkouts Full call number Barcode Date last seen Copy number Koha item type
Dewey Decimal Classification     JCC Rouf Library JCC Rouf Library General Stacks   320.1 BRE 1963 12218 03/12/2018 C - 1 Books

JCC Library | Contacts | JCC Home

Last Update on 23 September 2017
Copyright @ 2017-2020 JCC Rouf Library
Rouf Library, Jhenidah Cadet College (JCC), Bangladesh